Children's Encylopedia of Nobel Laureates / (Record no. 159021)

MARC details
000 -LEADER
fixed length control field 00520nam a22001817a 4500
003 - CONTROL NUMBER IDENTIFIER
control field dpl
005 - DATE AND TIME OF LATEST TRANSACTION
control field 20181127164025.0
008 - FIXED-LENGTH DATA ELEMENTS--GENERAL INFORMATION
fixed length control field 181127b ||||| |||| 00| 0 eng d
020 ## - INTERNATIONAL STANDARD BOOK NUMBER
International Standard Book Number 8120907302
Terms of availability 175.00
035 ## - SYSTEM CONTROL NUMBER
System control number A-993204
040 ## - CATALOGING SOURCE
Original cataloging agency DPL
Language of cataloging EN
Transcribing agency 0
082 ## - DEWEY DECIMAL CLASSIFICATION NUMBER
Classification number 920
100 ## - MAIN ENTRY--PERSONAL NAME
Personal name Murthi,R.K.
245 ## - TITLE STATEMENT
Title Children's Encylopedia of Nobel Laureates /
Statement of responsibility, etc by R.K.Murthi
260 ## - PUBLICATION, DISTRIBUTION, ETC. (IMPRINT)
Place of publication, distribution, etc New Delhi
Name of publisher, distributor, etc Pitambar Publishing Company Pvt. Ltd.
Date of publication, distribution, etc 1999
300 ## - PHYSICAL DESCRIPTION
Extent 100p;
Dimensions 21cm
942 ## - ADDED ENTRY ELEMENTS (KOHA)
Source of classification or shelving scheme Dewey Decimal Classification
Koha item type English Books
Classification part 920
Call number suffix CHI

No items available.


© Delhi Public Library
Hit Counter
free hit counter